Rekordy pobite na Mistrzostwach Europy 2024 w piłce nożnej - Statystyki

Ogólne statystyki
  • Ten quiz został rozwiązany 144 razy
  • Średni wynik to 6 z 15
Statystyki odpowiedzi
Zagadnienie Odpowiedź % Poprawnych
Najmłodszy debiutant Lamine Yamal
95%
Najmłodszy strzelec fazy grupowej Arda Güler
86%
Najmłodszy strzelec Lamine Yamal
67%
Kto zagrał najwięcej meczy Cristiano Ronaldo
52%
Ile ich było? 18 żółtych i 2 czerwone
48%
Mecz z największą ilością kartek Czechy - Turcja
43%
Kto strzelił najszybszą bramkę Nedim Bajrami
33%
Ile miał lat w ostatnim meczu? 41 lat i 129 dni
29%
Najstarszy piłkarz Képler Laveran Lima Ferreira
29%
W której sekundzie? 23 sekunda
24%
Najstarszy piłkarz polski Kamil Grosicki
24%
Ile miał lat? 19 lat i 114 dni
19%
Ile meczy rozegrał 30
19%
Ile miał lat i dni jako debiutant? 16 lat i 338 dni
14%
Ile miał lat 16 lat i 362 dni
10%
Nie znaleziono quizów pasujących do podanych kryteriów
Rozkład punktacji
Procent ludzi z każdym wynikiem
Percentyl według liczby udzielonych odpowiedzi
Twoja historia wyników
Nie rozwiązałeś tego quizu